An introduction to group work practice / (Record no. 1055)

MARC details
000 -LEADER
fixed length control field 00986cam a2200289 a 4500
005 - DATE AND TIME OF LATEST TRANSACTION
control field 20260322212045.0
008 - FIXED-LENGTH DATA ELEMENTS--GENERAL INFORMATION
fixed length control field data
010 ## - LIBRARY OF CONGRESS CONTROL NUMBER
LC control number 99087491
020 ## - INTERNATIONAL STANDARD BOOK NUMBER
International Standard Book Number 0205307639
020 ## - INTERNATIONAL STANDARD BOOK NUMBER
International Standard Book Number 9780205307630
040 ## - CATALOGING SOURCE
Original cataloging agency DLC
Transcribing agency DLC
Modifying agency DLC
050 00 - LIBRARY OF CONGRESS CALL NUMBER
Classification number HV45
Item number .T68 2001
082 00 - DEWEY DECIMAL CLASSIFICATION NUMBER
Classification number 361.4
Edition information 21
001 - CONTROL NUMBER
control field data
100 1# - MAIN ENTRY--PERSONAL NAME
Personal name Toseland, Ronald W.
245 13 - TITLE STATEMENT
Title An introduction to group work practice /
Statement of responsibility, etc. Ronald W. Toseland & Robert F. Rivas.
246 30 - VARYING FORM OF TITLE
Title proper/short title Group work practice
250 ## - EDITION STATEMENT
Edition statement 4th ed.
260 ## - PUBLICATION, DISTRIBUTION, ETC.
Place of publication, distribution, etc. Boston :
Name of publisher, distributor, etc. Allyn and Bacon,
Date of publication, distribution, etc. 2001.
300 ## - PHYSICAL DESCRIPTION
Extent x, 550 p. :
Other physical details ill. ;
Dimensions 24 cm.
504 ## - BIBLIOGRAPHY, ETC. NOTE
Bibliography, etc. note Includes bibliographical references (p. 509-533) and index.
650 #0 - SUBJECT ADDED ENTRY--TOPICAL TERM
Topical term or geographic name entry element Social group work.
700 1# - ADDED ENTRY--PERSONAL NAME
Personal name Rivas, Robert F.
906 ## - LOCAL DATA ELEMENT F, LDF (RLIN)
a 7
b cbc
c orignew
d 1
e ocip
f 19
g y-gencatlg
925 0# -
-- acquire
-- 1 shelf copy
-- policy default
Holdings
Withdrawn status Lost status Damaged status Not for loan Home library Current library Shelving location Date acquired Total checkouts Full call number Barcode Date last seen Price effective from Koha item type
        Franklin Franklin General stacks 22/03/2026   361.4 21 BC0011089 22/03/2026 22/03/2026 Books